000 00635nam a2200193Ia 4500
005 20250508163337.0
008 008 250505s9999 xx 000 0 eng d
037 _aDissertations
040 _aFEDL
_beng
_cFEDL
041 _aeng
_2eng
084 _a371.26, NAR/DI
_qFEDL
100 _aNarayanan Kamla
_9767485
245 0 _aFactorial study of the tests of creativity, intelligence, values and needs of 10th class students of Delhi higher secodnary schools
260 _c1975
300 _a91p.
546 _aM. Ed. Dissertation (Delhi University)
942 _cDIS
_h371.26, NAR/DI
999 _c1382443
_d1382443